عرض عادي عرض مارك
  • Heasley, Brendan,

مدخل إسم شخص

عدد التسجيلات المستخدمة في: 1

001 - رقم الضبط

  • حقل الضبط: 56883

003 - معرف رقم الضبط

  • حقل الضبط: OSt

005 - تاريخ ووقت أخر عملية

  • حقل الضبط: 20161129104733.0

008 - عناصر بيانات ثابتة الطول

  • حقل تحكم ثابت الطول: 161129|| aca||aabn | a|a d

040 ## - مصدر الفهرسة

  • هيئة الفهرسة الأصلية: OSt
  • وكالة الكتابة: OSt

100 ## - مدخل -- أسم شخص

  • إسم شخص: Heasley, Brendan,
  • تواريخ مرتبطة بالاسم: 1946-

670 ## - بيانات المصدر موجوده

  • الاستشهاد بالمصدر: Work cat.: (OSt)0: Hurford, James R 56824, Semantics :, 2007